<?xml version="1.0" encoding="UTF-8"?>
<record
    xmlns:xsi="http://www.w3.org/2001/XMLSchema-instance"
    xsi:schemaLocation="http://www.loc.gov/MARC21/slim http://www.loc.gov/standards/marcxml/schema/MARC21slim.xsd"
    xmlns="http://www.loc.gov/MARC21/slim">

  <leader>00971nam a2200205   4500</leader>
  <datafield tag="952" ind1=" " ind2=" ">
    <subfield code="0">0</subfield>
    <subfield code="1">0</subfield>
    <subfield code="2">lcc</subfield>
    <subfield code="4">0</subfield>
    <subfield code="7">0</subfield>
    <subfield code="a">12</subfield>
    <subfield code="b">12</subfield>
    <subfield code="d">2017-10-16</subfield>
    <subfield code="l">0</subfield>
    <subfield code="o">HD37 L8718</subfield>
    <subfield code="p">24 000103</subfield>
    <subfield code="r">2024-04-11</subfield>
    <subfield code="t">1</subfield>
    <subfield code="w">2017-10-16</subfield>
    <subfield code="y">LB</subfield>
    <subfield code="f"></subfield>
  </datafield>
  <datafield tag="999" ind1=" " ind2=" ">
    <subfield code="c">102580</subfield>
    <subfield code="d">102580</subfield>
  </datafield>
  <controlfield tag="008">171016s1980    m  a|||| |||| 00| 0 spa d</controlfield>
  <datafield tag="020" ind1=" " ind2=" ">
    <subfield code="a">9686046135</subfield>
  </datafield>
  <datafield tag="050" ind1=" " ind2=" ">
    <subfield code="a">HD37</subfield>
    <subfield code="b">L8718</subfield>
  </datafield>
  <datafield tag="100" ind1="1" ind2="0">
    <subfield code="a">Luthans, Fred</subfield>
    <subfield code="e">autor</subfield>
  </datafield>
  <datafield tag="240" ind1=" " ind2=" ">
    <subfield code="a">Introduction to Management. A Contingency Approach</subfield>
  </datafield>
  <datafield tag="245" ind1=" " ind2=" ">
    <subfield code="a">Introducci&#xF2;n a la Administraci&#xF2;n </subfield>
    <subfield code="b">: Un enfoque de contingencias</subfield>
    <subfield code="c">/ Fred Luthans ;  traducido por Agust&#xEC;n B&#xE0;rcena Monta&#xF1;ez</subfield>
  </datafield>
  <datafield tag="260" ind1=" " ind2=" ">
    <subfield code="a">M&#xE8;xico</subfield>
    <subfield code="b">: McGraw-Hill</subfield>
    <subfield code="c">, 1980</subfield>
  </datafield>
  <datafield tag="300" ind1=" " ind2=" ">
    <subfield code="a">x, 394 p&#xE0;ginas</subfield>
    <subfield code="b">: ilustraciones</subfield>
  </datafield>
  <datafield tag="500" ind1=" " ind2=" ">
    <subfield code="a">Incluye: &#xCC;ndice onom&#xE0;stico p. 437 e &#xCC;ndice anal&#xEC;tico p. 445</subfield>
  </datafield>
  <datafield tag="505" ind1=" " ind2=" ">
    <subfield code="a">Introducci&#xF2;n a la Administraci&#xF2;n de Contingencia
Variables de Proceso
Variables Cuantitativas
Variables Conductuales
Variables de Sistemas
Conclusi&#xF2;n</subfield>
  </datafield>
  <datafield tag="519" ind1=" " ind2=" ">
    <subfield code="a">Plan Flexible / </subfield>
    <subfield code="b">Administraci&#xF2;n de Empresas / </subfield>
    <subfield code="c">Administraci&#xF2;n I (0211-1)</subfield>
    <subfield code="d">(24 000103)</subfield>
  </datafield>
  <datafield tag="650" ind1="1" ind2="4">
    <subfield code="a">ADMINISTRACI&#xD2;N</subfield>
  </datafield>
  <datafield tag="700" ind1=" " ind2=" ">
    <subfield code="a">B&#xE1;rcena Monta&#xF1;ez, Agust&#xED;n</subfield>
    <subfield code="e">traductor</subfield>
  </datafield>
  <datafield tag="942" ind1=" " ind2=" ">
    <subfield code="c">LB</subfield>
  </datafield>
</record>
